| 000 | 00428nam a22001217a 4500 | ||
|---|---|---|---|
| 082 | _a220 PRO | ||
| 100 |
_aNC UMER ZAKHEER NC HAIDER IMAM NC SAAD ALI _970891 |
||
| 245 | _aPR-SOF-1603-DESIGN OF A COMBINED BRAKING SYSTEM FOR LIGHT MOTORCYCLES | ||
| 260 |
_aISLAMABAD _bNUST COLLEGE OF EME _c2017 |
||
| 650 |
_aDE-MECH-35 _970892 |
||
| 700 |
_aSUPERVISORS ASST. PROF. DR. RAJA AMER AZIM LEC. JAWAD HAIDER SYED _970893 |
||
| 942 | _cCR | ||
| 999 |
_c577702 _d577702 |
||